Teachers school and society ( 7 edition)

Đã lưu trong:
Bibliografiske detaljer
Format: Bog
Udgivet: 2005
Tags: Tilføj Tag
Ingen Tags, Vær først til at tagge denne postø!
Thư viện lưu trữ: Mạng thư viện Đại học Đà Nẵng
LEADER 00448nam a22001811a 4500
001 000037900
003 14195
005 20160412021158.0
008 160412s2005 000
082 |a 4A(07)1397 
245 |a Teachers school and society ( 7 edition)  |c Myra Pollore 
260 |c 2005 
OWN |a LNN 
999 |a From the UDN01 
TYP |a Monograph 
980 |a Mạng thư viện Đại học Đà Nẵng